A first course in calculus

The book contains examples and applications relating to the topic covered. In addition, the rear of the book contains detailed solutions to a large number of the exercises, allowing them to be used as worked-out examples

Tallennettuna:
Bibliografiset tiedot
Päätekijä: Lang, Serge
Aineistotyyppi: Kirja
Kieli:Undetermined
Julkaistu: Massachusetts Addison-Wesley 1964
Aiheet:
Tagit: Lisää tagi
Ei tageja, Lisää ensimmäinen tagi!
Thư viện lưu trữ: Trung tâm Học liệu Trường Đại học Cần Thơ
LEADER 00708nam a2200193Ia 4500
001 CTU_1731
008 210402s9999 xx 000 0 und d
082 |a 515 
082 |b L269 
100 |a Lang, Serge 
245 2 |a A first course in calculus 
245 0 |c Serge Lang 
260 |a Massachusetts 
260 |b Addison-Wesley 
260 |c 1964 
520 |a The book contains examples and applications relating to the topic covered. In addition, the rear of the book contains detailed solutions to a large number of the exercises, allowing them to be used as worked-out examples 
650 |a Calculus,Tính toán 
904 |i Minh, Hải 
980 |a Trung tâm Học liệu Trường Đại học Cần Thơ